| 000 | 00981nam a2200265Ia 4500 | ||
|---|---|---|---|
| 008 | 100315s9999 xx 000 0 und d | ||
| 020 | _a81-8054-444-3 | ||
| 040 | _cENGLISH | ||
| 082 |
_b6303 _a658.15 |
||
| 100 | _a"Rustagi, R. P. " | ||
| 245 | _aFinancial Analysis & Fianacial Management | ||
| 250 | _a3rd | ||
| 260 |
_aNew Delhi _bSultan Chand & Son _c2007 |
||
| 300 | _a1111 | ||
| 365 |
_eRupees _d1 _b380.00 |
||
| 366 | _f5 | ||
| 505 | _gRamakant Navghare | ||
| 530 |
_bBG - (Laxmi Book Depot) 847/29-09-2007 _a847/29-09-2007 |
||
| 536 | _a01/04/2007-31/03/2008 | ||
| 620 | _a"Financial Management , Analysis, Capital Market , Portfolio management . Dividend Policy, International Finance , Corporate Goverence, Business Valuation " | ||
| 630 | _aFinancial Analysis & Fianacial Management | ||
| 650 | _a"Financial management, Financial Analysis " | ||
| 730 | _aFinancial Analysis & Fianacial Management | ||
| 942 | _cBOOK | ||
| 999 |
_c481038 _d481035 |
||